Teacher education and certification ... (Record no. 21732)
[ view plain ]
| 000 -LEADER | |
|---|---|
| fixed length control field | 00880cam a22002651 4500 |
| 001 - CONTROL NUMBER | |
| control field | e 40000500 |
| 003 - CONTROL NUMBER IDENTIFIER | |
| control field | DLC |
| 005 - DATE AND TIME OF LATEST TRANSACTION | |
| control field | 20260227111229.0 |
| 008 - FIXED-LENGTH DATA ELEMENTS--GENERAL INFORMATION | |
| fixed length control field | 881109s1940 kyu s000 0 eng c |
| 010 ## - LIBRARY OF CONGRESS CONTROL NUMBER | |
| LC control number | e 40000500 |
| 035 ## - SYSTEM CONTROL NUMBER | |
| System control number | (OCoLC)18726968 |
| 040 ## - CATALOGING SOURCE | |
| Original cataloging agency | U.S. Off. of Educ. Library |
| Transcribing agency | MsU |
| Modifying agency | DLC |
| 042 ## - AUTHENTICATION CODE | |
| Authentication code | premarc |
| 050 00 - LIBRARY OF CONGRESS CALL NUMBER | |
| Classification number | L152 |
| Item number | .B35 vol. 8, no. 3 |
| 082 ## - DEWEY DECIMAL CLASSIFICATION NUMBER | |
| Classification number | 370.7 |
| 110 1# - MAIN ENTRY--CORPORATE NAME | |
| Corporate name or jurisdiction name as entry element | Kentucky. |
| Subordinate unit | Department of Education. |
| 245 10 - TITLE STATEMENT | |
| Title | Teacher education and certification ... |
| 260 ## - PUBLICATION, DISTRIBUTION, ETC. | |
| Place of publication, distribution, etc. | [Frankfort] |
| Name of publisher, distributor, etc. | Dept. of Education |
| Date of publication, distribution, etc. | [1940] |
| 300 ## - PHYSICAL DESCRIPTION | |
| Extent | [169]-232 p. |
| Dimensions | 23 cm. |
| 490 1# - SERIES STATEMENT | |
| Series statement | Its Educational bulletin, |
| Volume/sequential designation | vol. VIII, no. 3 |
| 500 ## - GENERAL NOTE | |
| General note | At head of title: Commonwealth of Kentucky. |
| 650 #0 - SUBJECT ADDED ENTRY--TOPICAL TERM | |
| Topical term or geographic name entry element | Teachers |
| General subdivision | Certification |
| Geographic subdivision | Kentucky. |
| 700 1# - ADDED ENTRY--PERSONAL NAME | |
| Personal name | Jaggers, Richard Elmer, |
| Dates associated with a name | 1891- |
| Relator term | comp. |
| 830 #0 - SERIES ADDED ENTRY--UNIFORM TITLE | |
| Uniform title | Educational bulletin (Frankfort, Ky.) ; |
| Volume/sequential designation | vol. VIII, no. 3. |
No items available.